| 000 | 00975nam a2200289 a 4500 | ||
|---|---|---|---|
| 001 | BRCA_3616 | ||
| 005 | 20190320204344.0 | ||
| 008 | 240809s1961----enka---###---#000-0#eng-# | ||
| 041 | _aeng | ||
| 044 | _aenk | ||
| 050 | 4 |
_aNK1068 _b.F43 1961 |
|
| 100 | 1 |
_aFeddersen, Martin _99379 |
|
| 245 | 1 | 0 |
_aChinese decorative by art _bA handbook for collectors and connoisseurs _cby Martin Feddersen ; tr. by Arthur Lane. |
| 250 | _a2 | ||
| 260 |
_aLondon _bFaber & Faber _cc1961 |
||
| 300 |
_a286 p. _bil. (algunas a color), 1 mapa _c24 cm. |
||
| 500 | _aIncluye índice alfabético, tabla plegable de datos comparativos y lista de ilustraciones. | ||
| 500 | _aB287 | ||
| 504 | _aBibliografía: p. 253-272 | ||
| 650 | 1 | 4 |
_aArte chino _97252 |
| 650 | 1 | 4 |
_aArte _xColeccionistas y colecciones _97445 |
| 650 | 1 | 4 |
_aArte _xIndustria y comercio _97236 |
| 650 | 1 | 4 |
_aDecoración y ornamentación chinas _99380 |
| 700 | 1 |
_aLane, Arthur _etr _99381 |
|
| 902 | _aGFM | ||
| 942 |
_2lcc _cB |
||
| 999 |
_c3351 _d3351 |
||